000 00531nam a2200205Ia 4500
003 OSt
005 20230607141158.0
008 210423s2011 xx 000 0 und d
020 _a9789381293553
040 _cAL
041 _aeng
082 _a300.72 DIXM
100 _aDIXIT (S N).
_9121469
245 _aMethodology of social research and survey.
260 _aNew Delhi
_bCentrum Press
_c2011
300 _aviii,288
_bPB
365 _b995
_cINR
906 _aMethodology ; research ; social ; survey.
942 _2ddc
_cBK
999 _c176170
_d176170